Speaking with Confidence (Record no. 257302)

MARC details
000 -LEADER
fixed length control field 00344pam a2200157a 44500
008 - FIXED-LENGTH DATA ELEMENTS--GENERAL INFORMATION
fixed length control field 230405s2005 xxu||||| |||| 00| 0 eng d
041 ## - LANGUAGE CODE
Language code of text/sound track or separate title ENG
100 ## - MAIN ENTRY--PERSONAL NAME
Personal name Wanda Vassallo
245 ## - TITLE STATEMENT
Title Speaking with Confidence
250 ## - EDITION STATEMENT
Edition statement 1
260 ## - PUBLICATION, DISTRIBUTION, ETC.
Place of publication, distribution, etc.
Name of publisher, distributor, etc. Astra Pub
Date of publication, distribution, etc. 2005
300 ## - PHYSICAL DESCRIPTION
Extent 175p,22cms
440 ## - SERIES STATEMENT/ADDED ENTRY--TITLE
Title 225
690 ## - LOCAL SUBJECT ADDED ENTRY--TOPICAL TERM (OCLC, RLIN)
Topical term or geographic name as entry element IMRDA
906 ## - LOCAL DATA ELEMENT F, LDF (RLIN)
a 4443
Holdings
Withdrawn status Lost status Damaged status Not for loan Collection Home library Current library Date acquired Total Checkouts Full call number Barcode Date last seen Date last checked out Price effective from Koha item type
          Institute of Management & Rural Development Administration, Sangli Institute of Management & Rural Development Administration, Sangli 01/01/2011 1 658.45/VAS RDS-9309 23/02/2026 15/10/2025 14/04/2023 Book
          Institute of Management & Rural Development Administration, Sangli Institute of Management & Rural Development Administration, Sangli 01/01/2011     RDS-9308 14/04/2023   14/04/2023 Book
          Institute of Management & Rural Development Administration, Sangli Institute of Management & Rural Development Administration, Sangli 01/01/2011     RDS-9307 14/04/2023   14/04/2023 Book
          Institute of Management & Rural Development Administration, Sangli Institute of Management & Rural Development Administration, Sangli 01/01/2011     RDS-9306 14/04/2023   14/04/2023 Book
          Institute of Management & Rural Development Administration, Sangli Institute of Management & Rural Development Administration, Sangli 01/01/2011     RDS-9305 14/04/2023   14/04/2023 Book